Hamburger SV: Alle Torschützen der 2010er - Statistiken

Allgemein
  • Dieses Quiz wurde 610 mal gespielt
    579 seit der letzten Aktualisierung
  • Das Durchschnittsergebnis liegt bei 27 aus 53
Antwortstatistiken
Pos.ST Nat. Spieler % Korrekt
MIT NED Rafael van der Vaart
89%
ST KOR Heung-Min Son
84%
ST CRO Mladen Petric
83%
ST CRO Ivica Olic
81%
ST USA Bobby Wood
77%
ST GER Pierre-Michel Lasogga
74%
ST LVA Artjoms Rudnevs
71%
VER JAP Gotoku Sakai
71%
ST PER Paolo Guerrero
70%
ST NED Ruud van Nistelrooy
69%
VER GER Heiko Westermann
68%
MIT TUR Hakan Calhanoglu
64%
MIT GER Lewis Holtby
63%
MIT SWE Albin Ekdal
62%
ST GER Jan-Fiete Arp
60%
MIT GER Aaron Hunt
59%
VER GRE Kyriakos Papadopoulos
59%
VER GER Marcell Jansen
59%
VER NED Joris Mathijsen
58%
VER BRA Douglas Santos
56%
ST CAM Eric-Maxim Choupo-Moting
56%
MIT SRB Filip Kostic
56%
MIT BFA Jonathan Pitroipa
54%
VER SUI Johan Djourou
52%
MIT GER Nicolai Müller
52%
MIT BRA Ze Roberto
52%
MIT SRB Gojko Kacar
50%
MIT AUT Michael Gregoritsch
49%
ST CAM Jacques Zoua
47%
MIT GER Piotr Trochowski
47%
VER SRB Slobodan Rajkovic
46%
MIT BRA Walace
46%
VER BRA Cleber Reis
44%
MIT CRO Milan Badelj
43%
MIT HUN Zoltan Stieber
43%
VER GER Dennis Aogo
42%
MIT CRO Ivo Ilicevic
42%
VER ITA Jacopo Sala
42%
MIT CZE Petr Jiracek
42%
MIT NED Eljero Elia
41%
ST SUI Josip Drmic
40%
MIT BIH Sejad Salihovic
40%
ST GER Luca Waldschmidt
38%
MIT TUN Änis Ben-Hatira
36%
VER NED Jeffrey Bruma
36%
MIT GER Tolgay Arslan
36%
VER GER Matthias Ostrzolek
31%
VER GER Gideon Jung
29%
MIT GER Maximilian Beister
29%
MIT GER Andre Hahn
27%
MIT GER Robert Tesche
25%
MIT GER Andreas Lam
22%
VER GER Lasse Sobiech
16%
Keine übereinstimmenden Quizze gefunden
Verteilung der Resultate
Anzahl Personen mit jedem Resultat
Perzentil nach korrekt beantworteten Fragen
Ihre Resultats-Entwicklung
Sie haben dieses Quiz seit der letzten Aktualisierung nicht gespielt